| 000 | 00482nam a22001817a 4500 | ||
|---|---|---|---|
| 999 |
_c20168 _d20168 |
||
| 003 | OSt | ||
| 005 | 20210128120748.0 | ||
| 008 | 161207b xxu||||| |||| 00| 0 eng d | ||
| 020 | _a9780558659219 | ||
| 040 |
_aMMU _beng _cMMU _dMMU |
||
| 050 | _aHD62.17 .B87 2010 | ||
| 245 | _aBusiness process analysis and design / | ||
| 250 | _a2nd ed. | ||
| 260 |
_aNew York : _bLearning Solutions, _c2010 |
||
| 300 |
_a340 p. : _bill. ; |
||
| 650 | _aBusiness process | ||
| 942 |
_2lcc _cLOAN LOAN |
||